|
|
|
|
| LEADER |
01201naa a2200277 i 4500 |
| 001 |
acta77537 |
| 005 |
20221202082643.0 |
| 008 |
221202s2022 hu o 1|| eng d |
| 020 |
|
|
|a 978-963-306-879-3
|
| 040 |
|
|
|a SZTE Egyetemi Kiadványok Repozitórium
|b hun
|
| 041 |
|
|
|a eng
|
| 100 |
1 |
|
|a Enyedi Enikő Edit
|
| 245 |
1 |
0 |
|a Development of a urine angiotensin-converting enzyme (ACE) activity measuring technique
|h [elektronikus dokumentum] :
|b [abstract] /
|c Enyedi Enikő Edit
|
| 260 |
|
|
|a University of Szeged
|b Szeged
|c 2022
|
| 300 |
|
|
|a 76
|
| 490 |
0 |
|
|a European Section Meeting of the International Academy of Cardiovascular Sciences
|v 8
|
| 650 |
|
4 |
|a Orvos- és egészségtudomány
|
| 650 |
|
4 |
|a Általános orvostudomány
|
| 695 |
|
|
|a Orvostudomány - kutatás - előadáskivonat
|
| 700 |
0 |
1 |
|a Szabó Attila Ádám
|e aut
|
| 700 |
0 |
1 |
|a Altorjay István Tibor
|e aut
|
| 700 |
0 |
1 |
|a Papp Zoltán
|e aut
|
| 700 |
0 |
1 |
|a Tóth Attila
|e aut
|
| 700 |
0 |
1 |
|a Fagyas Miklós
|e aut
|
| 711 |
|
|
|a European Section Meeting of the International Academy of Cardiovascular Sciences (8.)
|c Online
|d 2022. szeptember 28 - október 1.
|
| 856 |
4 |
0 |
|u http://acta.bibl.u-szeged.hu/77537/1/iacs_es_2022_076.pdf
|z Dokumentum-elérés
|